=LDR 00000nam 2200000 4500 =001 001100 =005 20250713111625 =035 ##$$a 0010-0725000983 =007 ta =008 250713################a##########0#ind## =020 ##$$a 978-623-307-139-0 =082 ##$$a 398.209 598 =084 ##$$a 398.209 598 ENI m =100 #$$a Eni, Barbara =245 1#$$a Main Apa Hari Ini? /$c Barbara Eni =250 ##$$a cetakan pertama =260 ##$$a jakarta :$b badan pengembangan dan pembinaan bahasa,$c 2022 =300 ##$$a 28 hlm. : $b ilus. ; $c 29,7 cm$e 398.209 598 =650 #4$$a cerita anak indonesia =856 ##$$a TBM AS SUHADA =990 ##$$a TBM202400779